书目信息 |
| 题名: |
英国资产阶级革命史
|
|
| 作者: | 刘祚昌 著 | |
| 分册: | ||
| 出版信息: | 上海 上海新知识出版社 1956 |
|
| 页数: | 294页 | |
| 开本: | 19cm | |
| 丛书名: | ||
| 单 册: | ||
| 中图分类: | K561.41 | |
| 科图分类: | ||
| 主题词: | 英国资产阶级革命 | |
| 电子资源: | ||
| ISBN: | 11076.55 | |
| 000 | 00650cam0 2200229 450 | |
| 001 | 0105408668 | |
| 005 | 20070207142157.0 | |
| 010 | @a11076.55@dCNY1.00 | |
| 091 | @a11076.55@dCNY1.00 | |
| 100 | @a19961012d1956 em y0chiy0110 ea | |
| 101 | 0 | @achi |
| 102 | @aCN@b310000 | |
| 105 | @ay z 000yy | |
| 106 | @ar | |
| 200 | 1 | @a英国资产阶级革命史@9Ying Guo Zi Chan Jie Ji Ge;Ji Ming Shi @f刘祚昌著@b专著 |
| 210 | @a上海@c上海新知识出版社@d1956 | |
| 215 | @a294页@d19cm | |
| 606 | 0 | @a英国资产阶级革命 |
| 690 | @aK561.41@v3 | |
| 701 | 0 | @a刘祚昌@f(1921~2006)@9liu zuo chang@4著 |
| 801 | 0 | @aCN@bAiZhiMarc |
| 905 | @aBZT@dK561.41@e1@f1@sK561.41/1 | |
| 英国资产阶级革命史/刘祚昌著.-上海:上海新知识出版社,1956 |
| 294页;19cm |
| ISBN 11076.55:CNY1.00 |
| ● |
| 相关链接 |
|
|
|
正题名:英国资产阶级革命史
索取号:K561.41/1
 
预约/预借
| 序号 | 登录号 | 条形码 | 馆藏地/架位号 | 状态 | 备注 |
| 1 | 2000083220 | 2000083220 | 旧书回溯/ [索取号:K561.41/1] | 在馆 |